00556nam a2200157 a 450000100100000000500170001000800410002702000150006804000250008308200150010824500800012326000720020330000280027550000740030370000210037700004154220201002035630.0131009s1995 sp a 000 0 spa d a8400074726 aDO-SdBNPbspacBNPHU axxxbP783k00aKeynote lectures in selected topics of polymer science /ceditor E. Riande. aMadrid :bConsejo Superior de Investigaciones Científicas,c1995. a270 P. :bil. ;c24 cm. aIncluye referencias bibliográficas y notas al pie de las páginas.1 aRiande, Evaristo